header

Understanding homeland security (Record no. 114527)

MARC details
000 -LEADER
fixed length control field 01539nam a2200397Ia 4500
082 04 - DEWEY DECIMAL CLASSIFICATION NUMBER
Classification number 363.3250973
100 1# - MAIN ENTRY--AUTHOR NAME
Personal name Noftsinger, John B.
245 10 - TITLE STATEMENT
Title Understanding homeland security
250 ## - EDITION STATEMENT
Edition statement 1st ed.
260 ## - PUBLICATION, DISTRIBUTION, ETC. (IMPRINT)
Place of publication New York :
Name of publisher Palgrave Macmillan,
Year of publication 2007.
300 ## - PHYSICAL DESCRIPTION
Number of Pages xxiv, 205 p. :
Other physical details ill.
650 #0 - SUBJECT ADDED ENTRY--TOPICAL TERM
Topical Term Terrorism
Topical Term Civil defense
Topical Term National security
700 1# - ADDED ENTRY--PERSONAL NAME
Personal name Newbold, Kenneth F.
Personal name Wheeler, Jack K.
856 40 - ELECTRONIC LOCATION AND ACCESS
Uniform Resource Identifier http://site.ebrary.com/lib/rucke/Doc?id=10194095

No items available.

© 2026 Rongo University
Contact us: librarian | system librarian | Rongo university